|
|
|
|
| LEADER |
00000nta a2200000 i 4500 |
| 001 |
dolg23907 |
| 005 |
20191203135214.0 |
| 008 |
191203suuuu hu om 000 hun d |
| 040 |
|
|
|a BGE Dolgozattár Repozitórium
|b hun
|
| 041 |
|
|
|a hu
|
| 100 |
1 |
|
|a Pásztor Kitti Mónika
|
| 245 |
1 |
0 |
|a Generációk a közösségi médiában - avagy az Y és a Z generáció női tagjainak Instagram használati szokásainak vizsgálata
|c Pásztor Kitti Mónika
|h [elektronikus dokumentum]
|
| 246 |
1 |
1 |
|a Generációk a közösségi médiában - avagy az Y és a Z generáció női tagjainak Instagram használati szokásainak vizsgálata
|
| 695 |
|
|
|a Generációk, Y generáció, Z generáció, nők
|
| 695 |
|
|
|a Közösségi média
|
| 695 |
|
|
|a Instagram
|
| 700 |
1 |
|
|a Brávácz Dr. Ibolya
|e ths
|
| 700 |
1 |
|
|a Babicz Balázs
|e ths
|
| 856 |
4 |
0 |
|u http://dolgozattar.uni-bge.hu/23907/1/Szakdolgozat_Pasztor_Kitti_Monika_G8YK6U.pdf
|z Dokumentum-elérés
|